| Tag |
First Indicator |
Second Indicator |
Subfields |
| LEADER |
00000cam a2200000Ma 4500 |
| 001 |
in00003545271 |
| 006 |
m o d |
| 007 |
cr nn||||||||| |
| 008 |
121227s2000 enk o 000 0 eng d |
| 005 |
20260421174947.8 |
| 020 |
|
|
|a 9781447105114 (electronic bk.)
|
| 020 |
|
|
|a 1447105117 (electronic bk.)
|
| 035 |
|
|
|a (OCoLC)840277090
|
| 040 |
|
|
|a I9W
|b eng
|e pn
|c I9W
|d OCLCO
|d OCLCQ
|d UV0
|d OCLCO
|d GW5XE
|d OCLCF
|d UtOrBLW
|
| 049 |
|
|
|a TXAM
|
| 050 |
|
4 |
|a QA76.76.A65
|
| 082 |
0 |
4 |
|a 005.7
|2 23
|
| 100 |
1 |
|
|a Grönlund, Åke.
|
| 245 |
1 |
0 |
|a Managing Electronic Services :
|b a Public Sector Perspective /
|c by Åke Grönlund.
|
| 264 |
|
1 |
|a London :
|b Springer London :
|b Imprint :
|b Springer,
|c 2000.
|
| 300 |
|
|
|a 1 online resource (XXX, 238 pages)
|
| 336 |
|
|
|a text
|b txt
|2 rdacontent
|
| 337 |
|
|
|a computer
|b c
|2 rdamedia
|
| 338 |
|
|
|a online resource
|b cr
|2 rdacarrier
|
| 490 |
1 |
|
|a Practitioner Series, 1439-9245
|
| 505 |
0 |
|
|a To the Reader -- Introduction -- I: The Tale of the Dozen Challenges: Challenge 1: Start Up -- Challenge 2: Thousands of Pages -- Challenge 3: Messy Appearance -- Challenge 4: Parallel Systems -- Challenge 5: Choosing the Future Technical Platform -- Challenge 6: Cross-Departmental Integration of Data Resources -- Challenge 7: Staff Motivation -- Challenge 8: Poor Usability -- Challenge 9: Where is the Payoff?- Challenge 10: What is our Role?- Challenge 11: Where are the Users?- Challenge 12: Managing Administrative Tribes -- Conclusions from the Dozen Challenges -- II: Electronic Service Management: Introduction -- Cities and the Local Information Society -- Conclusions from the Cookbook -- Acknowledgements -- References -- Appendix.
|
| 520 |
|
|
|a Electronic Service Management is an emerging concept. It covers the organisational, economic technical and user issues involved when integrating the development of electronic services. This is particularly important (and more complicated) within public sector organisations. Managing Electronic Services provides an easy to read and practical guide to portal-electronic services development in the public sector. The book takes an organisational perspective asking 'How do you make things work in your organisation and in relation to your customers or users?' By integrating the managerial, technical and economic issues, the authors can put them into context with the need to understand user requirements and expectations. Lots of examples are provided, giving tips on how to avoid many of the pitfalls you might meet along the way, and showing you how to diagnose potential problems and find ways of dealing with them effectively.
|
| 500 |
|
|
|a Electronic resource.
|
| 650 |
|
0 |
|a Computer science.
|
| 650 |
|
0 |
|a Multimedia systems.
|
| 650 |
|
0 |
|a Management information systems.
|
| 650 |
|
7 |
|a Computer science.
|2 fast
|0 (OCoLC)fst00872451
|
| 650 |
|
7 |
|a Management information systems.
|2 fast
|0 (OCoLC)fst01007271
|
| 650 |
|
7 |
|a Multimedia systems.
|2 fast
|0 (OCoLC)fst01028920
|
| 655 |
|
7 |
|a Electronic books.
|2 local
|
| 710 |
2 |
|
|a SpringerLink (Online service)
|
| 830 |
|
0 |
|a Practitioner series.
|
| 856 |
4 |
0 |
|u http://proxy.library.tamu.edu/login?url=https://link.springer.com/10.1007/978-1-4471-0511-4
|z Connect to the full text of this electronic book
|t 0
|
| 994 |
|
|
|a 92
|b TXA
|
| 999 |
|
|
|a MARS
|
| 999 |
f |
f |
|s 5a35c797-6d68-3b41-9356-68be3613ab60
|i 10225e7c-0ea6-3c2e-8dd4-53b317f0d919
|t 0
|
| 952 |
f |
f |
|a Texas A&M University
|b College Station
|c Electronic Resources
|s www_evans
|d Available Online
|t 0
|e QA76.76.A65
|h Library of Congress classification
|
| 998 |
f |
f |
|a QA76.76.A65
|t 0
|l Available Online
|